| 000 | 00625cam a22002413a 4500 | ||
|---|---|---|---|
| 001 | 21400 | ||
| 003 | PGUSA | ||
| 005 | 20140828083445.0 | ||
| 008 | 070509s2007||||xxu|||||s|||||000 | eng d | ||
| 040 |
_aPGUSA _beng |
||
| 042 | _adc | ||
| 050 | 4 | _aMT | |
| 100 | 1 | _aHaslam, W. E. | |
| 245 | 1 | 0 |
_aStyle in Singing _h[electronic resource] / _cW. E. Haslam |
| 260 |
_bProject Gutenberg, _c2007 |
||
| 506 | _aPublic domain in the USA. | ||
| 516 | _aElectronic text | ||
| 653 | _aSinging | ||
| 653 | _aVoice culture | ||
| 830 | 0 |
_aProject Gutenberg _v21400 |
|
| 856 | 4 | 0 | _uhttp://www.gutenberg.org/ebooks/21400 |
| 942 | _cEB | ||
| 999 |
_c250655 _d250655 |
||